Statistics for Romantic Bacon Puzzle

Click here to take the quiz!

General Stats

  • This quiz has been taken 34,582 times
  • The average score is 14 of 21

Answer Stats

Actor % Correct
Will Smith
93%
Jim Carrey
87%
Reese Witherspoon
86%
Cameron Diaz
82%
George Clooney
82%
Keanu Reeves
79%
Julia Roberts
77%
Jennifer Aniston
77%
Ben Stiller
76%
Jennifer Lopez
76%
Ben Affleck
73%
Hugh Grant
71%
Joaquin Phoenix
65%
Matthew McConaughey
59%
Jennifer Garner
55%
Ashton Kutcher
55%
Kate Hudson
55%
Eva Mendes
48%
Charlize Theron
47%
Renee Zellweger
46%
Luke Wilson
42%

Score Distribution

Percentile by Number Answered

Percent of People with Each Score

Your Score History

You have not taken this quiz